|
|
|
|
| LEADER |
00579nam a2200169Ia 4500 |
| 008 |
140316s9999 xx 000 0 und d |
| 020 |
|
|
|a 8186365516
|
| 082 |
|
|
|a 928
|b BHA/AR
|
| 100 |
|
|
|a Bhageerathi amma ,thampuran m
|
| 245 |
|
2 |
|a A R Rajarajavarma : biography
|
| 260 |
|
|
|a Trivandrum
|b Department of cultural publications
|c 1996
|
| 300 |
|
|
|a 418
|
| 650 |
|
|
|a Biography
|
| 700 |
|
|
|a raghavavarma raja,m
|
| 942 |
|
|
|2 ddc
|c BK
|
| 999 |
|
|
|c 3792
|d 3792
|
| 952 |
|
|
|0 0
|1 0
|2 ddc
|4 0
|6 928_000000000000000_BHAAR
|7 0
|9 4508
|a KAUCLV
|b KAUCLV
|c GENERAL
|d 2014-03-18
|o 928 BHA/AR
|p 208890
|r 2014-03-18
|w 2014-03-18
|y BK
|